Tennis Players by Birthplace and Residence - Statistics

General Stats
  • This quiz has been taken 290 times
    26 since last reset
  • The average score is 13 of 20
Answer Stats
Birthplace Residence Player % Correct
El Palmar, Spain El Palmar, Spain Carlos Alcaraz
100%
Belgrade, Serbia Monaco | Belgrade, Serbia | Athens, Greece Novak Djokovic
100%
Innichen, Italy Monaco Jannik Sinner
96%
Hamburg, Germany Monaco Alexander Zverev
87%
Sydney, Australia Sydney, Australia | Alicante, Spain | New Providence, Bahamas Alex de Minaur
78%
Carrara, Italy Monaco Lorenzo Musetti
78%
Minsk, Belarus Miami, USA Aryna Sabalenka
74%
Boca Raton, USA Delray Beach, USA Coco Gauff
70%
Montreal, Canada Monaco Felix Auger-Aliassime
65%
Warsaw, Poland Raszyn, Poland Iga Świątek
65%
Rancho Santa Fe, USA Rancho Palos Verdes, USA Taylor Fritz
65%
Atlanta, USA Gainesville, USA Ben Shelton
61%
Castelnuovo di Garfagnana, Italy Bagni di Lucca, Italy Jasmine Paolini
57%
Buffalo, USA Boca Raton, USA Jessica Pegula
57%
Moscow, Russia Dubai, UAE Elena Rybakina
52%
Freehold Township, USA Miami Beach, USA Amanda Anisimova
48%
Odesa, Ukraine Switzerland Elina Svitolina
48%
Krasnoyarsk, Russia Cannes, France Mirra Andreeva
43%
Charlotte, USA Burlington, Canada Victoria Mboko
35%
Gatchina, Russia Monaco Alexander Bublik
30%
No matching quizzes found
Score Distribution
Percent of People with Each Score
Percentile by Number Answered
Your Score History
You have not taken this quiz since the last reset